| 000 | 01283nam a2200325Ia 4500 | ||
|---|---|---|---|
| 001 | ebr10284119 | ||
| 003 | CaPaEBR | ||
| 006 | m u | ||
| 007 | cr cn||||||||| | ||
| 008 | 050930s2006 nju sb 001 0 eng d | ||
| 010 | _z 2005054514 | ||
| 020 | _z9780691138275 | ||
| 020 | _z0691124930 (cloth : alk. paper) | ||
| 020 | _z9780691124933 | ||
| 040 |
_aCaPaEBR _cCaPaEBR |
||
| 035 | _a(OCoLC)646805585 | ||
| 050 | 1 | 4 |
_aKF8775 _b.B378 2006eb |
| 100 | 1 | _aBaum, Lawrence. | |
| 245 | 1 | 0 |
_aJudges and their audiences _h[electronic resource] : _ba perspective on judicial behavior / _cLawrence Baum. |
| 260 |
_aPrinceton, NJ : _bPrinceton University Press, _cc2006. |
||
| 300 | _axiv, 231 p. | ||
| 504 | _aIncludes bibliographical references (p. [177]-219) and indexes. | ||
| 533 |
_aElectronic reproduction. _bPalo Alto, Calif. : _cebrary, _d2009. _nAvailable via World Wide Web. _nAccess may be limited to ebrary affiliated libraries. |
||
| 650 | 0 |
_aJudges _zUnited States. |
|
| 650 | 0 |
_aJudicial process _zUnited States. |
|
| 650 | 0 |
_aLaw _xPsychological aspects. |
|
| 655 | 7 |
_aElectronic books. _2local |
|
| 710 | 2 | _aebrary, Inc. | |
| 856 | 4 | 0 |
_uhttp://site.ebrary.com/lib/rucke/Doc?id=10284119 _zAn electronic book accessible through the World Wide Web; click to view |
| 999 |
_c2535 _d2535 |
||